000 00307nam a2200133Ia 4500
008 240624s9999 xx 000 0 und d
041 _aeng
082 _a823 DEL
100 _aDELINSKY BARBARA
245 _aESCAPE
260 _c2012
_aNew Delhi
_bCanvas
300 _a328 : p. : cm. ; 20
365 _cRS
_b25
999 _c19887
_d19887